000 00209 a2200097 4500
001 1454
100 _aMcneese, D.C
245 _aEngineering and tech handbook
260 _a
_bMcgrawhill
_c
090 _c997
_d997
942 _aNUST-CAE
_cM
_c36899
999 _c236527
_d236527